Battlers In Both Death Battle And Epic Rap Battles Of History - Statistics

General Stats
  • This quiz has been taken 39 times
    29 since last reset
  • The average score is 26 of 27
Answer Stats
Death Battle Opponent(s) Epic Rap Battles Of History Opponent(s) Character % Correct
Spider-Man & Captain America & Black Panther & Iron Man Sherlock Holmes Batman
100%
Samus Aran (x2) & Predator Deadpool & Adolf Hitler Boba Fett
100%
Deathstroke & Pinkie Pie & Mask Boba Fett Deadpool
100%
Leonardo & Michelangelo & Raphael Donatello Bardi Donatello
100%
Superman Superman Goku
100%
Luke Skywalker Luke Skywalker Harry Potter
100%
James Bond John Rambo & John McClane John Wick
100%
Sweet Tooth Pennywise Joker
100%
Michelangelo & Donatello & Raphael & Zitz & Red Ranger Jason Leonardo da Vinci Leonardo
100%
Tails Orville Wright Luigi
100%
Harry Potter Harry Potter Luke Skywalker
100%
Sonic (x2) Wilbur Wright Mario
100%
Doomguy Leonidas Master Chief
100%
Leonardo & Donatello & Raphael Michelangelo Buonarroti Michelangelo
100%
Leonardo & Michelangelo & Donatello Raphael Sanzio da Urbino Raphael
100%
Terminator Terminator RoboCop
100%
Goku Goku Superman
100%
RoboCop RoboCop Terminator
100%
Doctor Doom Adolf Hitler (x3) Darth Vader
96%
Doomsday & Broly Caitlyn Jenner Hulk
96%
Darkseid J. Robert Oppenheimer Thanos
96%
Rogue & Thor & She-Ra Stevie Wonder Wonder Woman
96%
Rebecca Black Beethoven Justin Bieber
92%
Nathan Drake Indiana Jones Lara Croft
92%
Segata Sanshiro Abe Lincoln Chuck Norris
88%
Raiden Freddy Krueger Wolverine
88%
Kool-Aid Man Kim Jong-il Macho Man
84%
No matching quizzes found
Score Distribution
Percent of People with Each Score
Percentile by Number Answered
Your Score History
You have not taken this quiz since the last reset